[Event "Sete Lagoas Goncalves Memorial"]
[Site "Sete Lagoas"]
[Date "2011.08.20"]
[Round "3.5"]
[White "Mendonca, Juliano Simao"]
[Black "Dos Santos, Maicon Ferreira"]
[Result "0-1"]
[WhiteElo "1769"]
[BlackElo "2016"]
[PlyCount "40"]
[EventDate "2011.08.19"]
[EventType "swiss"]
[EventRounds "5"]
[EventCountry "BRA"]
[SourceTitle "EXT 2022"]
[Source "ChessBase"]
[SourceDate "2021.10.06"]
[SourceVersion "1"]
[SourceVersionDate "2021.10.06"]
[SourceQuality "1"]

1. e4 e5 2. Nf3 Nc6 3. d4 exd4 4. Bc4 Nf6 5. 0-0 Be7 6. e5 Ne4 7. Bd5 Nc5 8. Nxd4 0-0 9. Re1 Nxd4 10. Qxd4 d6 11. Bf3 Ne6 12. Qd3 dxe5 13. Qxd8 Rxd8 14. Rxe5 Bf6 15. Rd5 Rxd5 16. Bxd5 Nd4 17. Na3 Ne2+ 18. Kf1 Nxc1 19. Rxc1 Bxb2 20. Re1 Bxa3 0-1

[Event "Nova Resende Chess School 1st"]
[Site "Nova Resende"]
[Date "2010.03.21"]
[Round "9"]
[White "Pereira, Ezequias Morais"]
[Black "Mendonca, Juliano Simao"]
[Result "1/2-1/2"]
[WhiteElo "1753"]
[BlackElo "1752"]
[PlyCount "52"]
[EventDate "2010.03.19"]
[EventType "tourn"]
[EventRounds "9"]
[EventCountry "BRA"]
[SourceTitle "EXT 2022"]
[Source "ChessBase"]
[SourceDate "2021.10.06"]
[SourceVersion "1"]
[SourceVersionDate "2021.10.06"]
[SourceQuality "1"]

1. e4 c5 2. Nf3 e6 3. d4 cxd4 4. Nxd4 Nc6 5. Nc3 Nf6 6. Be3 Bb4 7. f3 d5 8. Nxc6 bxc6 9. exd5 exd5 10. Qd4 Qe7 11. 0-0-0 c5 12. Qd2 d4 13. Bxd4 cxd4 14. Qxd4 Bc5 15. Bb5+ Kf8 16. Qd8+ Ne8 17. Bxe8 Qxd8 18. Rxd8 Ke7 19. Bc6 Rxd8 20. Bxa8 Bh3 21. gxh3 Rxa8 22. Re1+ Kf8 23. Ne4 Bb6 24. Ng3 Rd8 25. c3 Rd3 26. Kc2 Rxf3 1/2-1/2

[Event "Rio de Janeiro Brazil op"]
[Site "Rio de Janeiro"]
[Date "2010.02.20"]
[Round "3"]
[White "Gomez, Gustavo Pizzocaro"]
[Black "Mendonca, Juliano Simao"]
[Result "1-0"]
[WhiteElo "2128"]
[BlackElo "1763"]
[PlyCount "69"]
[EventDate "2010.02.19"]
[EventType "swiss"]
[EventRounds "6"]
[EventCountry "BRA"]
[SourceTitle "CBM 134 Extra"]
[Source "ChessBase"]
[SourceDate "2010.03.03"]
[SourceVersion "1"]
[SourceVersionDate "2010.03.03"]
[SourceQuality "1"]

1. d4 Nf6 2. Nf3 c6 3. c4 d5 4. e3 g6 5. Bd3 Bg7 6. Nc3 0-0 7. 0-0 h6 8. Ne5 Kh7 9. f4 Be6 10. Qc2 dxc4 11. Bxg6+ fxg6 12. Nxg6 Kg8 13. Nxf8 Qxf8 14. e4 Na6 15. f5 Bf7 16. e5 Nd5 17. Rf3 Nab4 18. Qf2 Nd3 19. Qh4 Kh7 20. Ne4 Nxc1 21. Rxc1 b5 22. g4 Kg8 23. g5 h5 24. Rcf1 Qe8 25. g6 Bxg6 26. fxg6 Qxg6+ 27. Rg3 Qh6 28. Ng5 Rf8 29. Rxf8+ Kxf8 30. Qg4 Ke8 31. Qf5 e6 32. Qf7+ Kd8 33. Qxg7 Qxg7 34. Nxe6+ Ke7 35. Nxg7 1-0

[Event "Rio de Janeiro Brazil op"]
[Site "Rio de Janeiro"]
[Date "2010.02.19"]
[Round "1"]
[White "Mendonca, Juliano Simao"]
[Black "Rego, Vinicius Vilela"]
[Result "0-1"]
[WhiteElo "1763"]
[BlackElo "2249"]
[PlyCount "98"]
[EventDate "2010.02.19"]
[EventType "swiss"]
[EventRounds "6"]
[EventCountry "BRA"]
[SourceTitle "CBM 134 Extra"]
[Source "ChessBase"]
[SourceDate "2010.03.03"]
[SourceVersion "1"]
[SourceVersionDate "2010.03.03"]
[SourceQuality "1"]

1. e4 c5 2. Nf3 d6 3. d3 g6 4. g3 Bg7 5. Bg2 Nc6 6. c3 Nf6 7. 0-0 0-0 8. Re1 e5 9. Nbd2 Ne8 10. Nf1 Nc7 11. h4 Rb8 12. N1h2 b5 13. Bg5 f6 14. Be3 f5 15. Bg5 Bf6 16. Bxf6 Qxf6 17. Ng5 Bd7 18. exf5 gxf5 19. Qh5 h6 20. Nh3 d5 21. Rad1 Rbd8 22. Kh1 Be6 23. Qe2 Bf7 24. a3 Rfe8 25. Qf1 d4 26. c4 bxc4 27. dxc4 Na5 28. b4 Bxc4 29. Qg1 cxb4 30. axb4 Nc6 31. Rc1 Bd5 32. Rc5 Rd6 33. Rec1 a6 34. g4 f4 35. g5 hxg5 36. Nxg5 Kh8 37. Ng4 Qg6 38. Nh6 Qxh6 39. Bxd5 Qxh4+ 40. Qh2 Qxh2+ 41. Kxh2 Rh6+ 42. Kg2 Nxd5 43. Nf7+ Kg7 44. Nxh6 Ncxb4 45. Nf5+ Kf6 46. Nd6 Re6 47. Ne4+ Kf5 48. f3 Nd3 49. Rh1 Ne3+ 0-1

[Event "Itauna op"]
[Site "Itauna"]
[Date "2009.08.22"]
[Round "5"]
[White "Mendonca, Juliano Simao"]
[Black "Veloso, Perseu Felipe Simoe"]
[Result "1-0"]
[WhiteElo "1763"]
[BlackElo "2005"]
[PlyCount "33"]
[EventDate "2009.08.21"]
[EventType "swiss"]
[EventRounds "6"]
[EventCountry "BRA"]
[SourceTitle "CBM 132 Extra"]
[Source "ChessBase"]
[SourceDate "2009.11.03"]
[SourceVersion "1"]
[SourceVersionDate "2009.11.03"]
[SourceQuality "1"]

1. e4 c5 2. b4 d6 3. bxc5 dxc5 4. Nf3 Bg4 5. Bc4 Nc6 6. Bxf7+ Kxf7 7. Ng5+ Ke8 8. Qxg4 Nf6 9. Qe6 Qd6 10. Qf7+ Kd7 11. Qb3 Kc7 12. Nc3 Nd4 13. Nb5+ Nxb5 14. Qxb5 Qe5 15. d4 a6 16. Qd3 cxd4 17. Bf4 1-0